Tình hình dịch tể bệnh lao kháng thuốc : Chuyên đề luận án tiến sĩ
Nội dung giới thiệu sơ lược về lịch sử bệnh lao, sự phát triển của bệnh lao kháng thuốc, vi khuẩn lao.
Bewaard in:
| Hoofdauteur: | |
|---|---|
| Formaat: | Boek |
| Taal: | Undetermined |
| Gepubliceerd in: |
Cần Thơ
Trường Đại học Cần Thơ
2012
|
| Onderwerpen: | |
| Tags: |
Voeg label toe
Geen labels, Wees de eerste die dit record labelt!
|
| Thư viện lưu trữ: | Trung tâm Học liệu Trường Đại học Cần Thơ |
|---|
| LEADER | 00940nam a2200229Ia 4500 | ||
|---|---|---|---|
| 001 | CTU_204774 | ||
| 008 | 210402s9999 xx 000 0 und d | ||
| 082 | |a 616.995 | ||
| 082 | |b L406 | ||
| 088 | |a TNCS2011-27 | ||
| 100 | |a Dương, Thị Loan | ||
| 245 | 0 | |a Tình hình dịch tể bệnh lao kháng thuốc : | |
| 245 | 0 | |b Chuyên đề luận án tiến sĩ | |
| 245 | 0 | |c Dương Thị Loan | |
| 260 | |a Cần Thơ | ||
| 260 | |b Trường Đại học Cần Thơ | ||
| 260 | |c 2012 | ||
| 520 | |a Nội dung giới thiệu sơ lược về lịch sử bệnh lao, sự phát triển của bệnh lao kháng thuốc, vi khuẩn lao. | ||
| 650 | |a Communicable diseases,Bệnh lao,Bệnh truyền nhiễm,Tuberculosis | ||
| 650 | |x Điều trị thay thế,Alternative treatment | ||
| 904 | |i Qhieu | ||
| 980 | |a Trung tâm Học liệu Trường Đại học Cần Thơ | ||